000 00629nam a22002057a 4500
005 20210708134502.0
008 210708b xxu||||| |||| 00| 0 eng d
020 _a9788125040941
_cRs 1195
040 _beng
041 _aEnglish
082 _a305.8
_bPAT
245 _aAdivasis in colonial India
_bSurvival, resistance and negotiation
_cEdited by Biswamoy Pati
260 _aNew Delhi
_bOrient Blackswan Private Limited
_c2011
300 _axii,368p
_b24 cm
504 _aIncludes bibliography and index
650 _aAdivasi
_yColonial times
_zIndia
700 _4ed.
_aPati, Biswamoy
850 _aLCLIB
_bDLIT
942 _cBK
999 _c42754
_d93233